| 000 | 00736nam a22001935i 4500 | ||
|---|---|---|---|
| 001 | 156768 | ||
| 003 | ES-MaACL | ||
| 005 | 20250814090809.0 | ||
| 008 | 000214s1849 fr a f |||| | fre d | ||
| 040 |
_aCCPB | B _bspa _cCCPB | B |
||
| 100 | 1 |
_aLaboulaye, Charles ( _d1813-1886 ) _9128548 |
|
| 245 | 1 | 0 |
_aTraité de cinématique (méchani appliquée aus machines au point de vue géométrique) ou théorie des mécanismes / _cpar Ch. Laboulaye. |
| 260 |
_aParis : _bLibrairie scientifique industrielle de L. Matheias, _c1849. |
||
| 300 |
_aXXVIII, 452 p. : _bil. ; _c22 cm. |
||
| 650 | 7 |
_aCinemática _2embne _9135770 |
|
| 740 | 0 | _aTheorie des mecanismes. | |
| 852 |
_aES-MaACL _jG-11865 _z-- Enc. hol. |
||
| 999 |
_c156768 _d156768 |
||